Elaboración de manual para diagnóstico de alarmas equipos SDH (Radios y Multiplexores)
Presenta un manual donde se compartan los conocimientos adquiridos en el manejo de equipos, pero más allá de eso, que sirva de apoyo para dar soluciones y poder detectar los problemas en los quipos de una forma más precisa y puntual. Además que servirá de guía para facilitar el trabajo y minim...
| Main Authors: | , |
|---|---|
| Other Authors: | |
| Format: | Tesis Section = Libro |
| Language: | Undetermined Spanish |
| Published: |
Managua
UNI
2021
|
| Subjects: |
| LEADER | 01161nam a2200265Ia 4500 | ||
|---|---|---|---|
| 008 | 240830s9999 xx 000 0 und d | ||
| 040 | |a BIBLIOTECA-RUSB/ Mon 621.38928 L864 | ||
| 041 | |a spa | ||
| 082 | |a Mon 621.38928 L864 | ||
| 100 | 1 | |a López Villavivencio, Cristopher | |
| 100 | 1 | |b Marín Núñez, Carlos Armando | |
| 245 | 1 | 0 | |a Elaboración de manual para diagnóstico de alarmas equipos SDH (Radios y Multiplexores) |
| 260 | |a Managua |b UNI |c 2021 | ||
| 300 | |a 104 p. :il. | ||
| 500 | |a Incluye anexos y CD. | ||
| 502 | |a Tesis (Ingeniero Electrónico) - UNI, 2021. | ||
| 520 | 3 | |a Presenta un manual donde se compartan los conocimientos adquiridos en el manejo de equipos, pero más allá de eso, que sirva de apoyo para dar soluciones y poder detectar los problemas en los quipos de una forma más precisa y puntual. Además que servirá de guía para facilitar el trabajo y minimizar el tiempo de respuesta. | |
| 650 | 7 | |a SEGURIDAD ELECTONICA | |
| 650 | 7 | |b DISPOSITIVOS ELECTRONICOS | |
| 650 | 7 | |c EQUIPOS SDH | |
| 650 | 7 | |d ALARMAS Y VIGILANCIA | |
| 700 | 1 | |a Tutor: |b Flores, Fernando | |
| 942 | |c BK |2 ddc | ||
| 991 | |a TESIS | ||
| 999 | |c 22160 | ||